| 000 | 00922nam a2200133Ia 4500 | ||
|---|---|---|---|
| 008 | 160809s9999 xx 000 0 und d | ||
| 100 | _aAlasuvanto, Paula. | ||
| 245 | _aShort-term effects of the “Together at School” intervention program on children’s socio-emotional skills: a cluster randomized controlled trial | ||
| 245 | _cOlli Kiviruusu, Katja Björklund, H.anna-Leena Koskinen, Antti Liski, Jallu Lindblom, Heini Kuoppamäki, Paula Alasuvanto, Tiina Ojala, Hanna Samposalo, Nina Harmes, Elina Hemminki, Raija-Leena Punamäki, Reijo Sund and Päivi Santalahti | ||
| 260 | _bBMC Psychology | ||
| 260 | _c26-Mayo-16 | ||
| 650 | _xPSYCHOLOGY | ||
| 856 | _uhttp://download.springer.com/static/pdf/308/art%253A10.1186%252Fs40359-016-0133-4.pdf?originUrl=http%3A%2F%2Fbmcpsychology.biomedcentral.com%2Farticle%2F10.1186%2Fs40359-016-0133-4&token2=exp=1469411214~acl=%2Fstatic%2Fpdf%2F308%2Fart%25253A10.1186%25252F | ||
| 999 |
_c300202 _d300202 |
||